Its always sunny quiz ( Beast Mode ) - Statistics

General Stats
  • This quiz has been taken 2,657 times
  • The average score is 9 of 15
Answer Stats
Hint Answer % Correct
What is Charlies favorite food? Milk Steak
94%
Maureen Ponderosa makes sweaters with what animal on them? Cats
84%
For Mac to asses someone as a threat he needs to give them a ________ Patdown Ocular
82%
What do Mac & Frank use to get wasted in the Jersey Shore Rum Ham
81%
The McPoyle wedding punch is spiked with ____________ Bath Salts
72%
What is Franks Wrestling name Trash man
71%
Frank makes a promotional video for paddys, its a ________ video Virus
66%
What move could Mac do (That he does like every day of his life) to escape from the swimming pool Backflip
65%
What is the name of the tranny? Carmen
64%
Who gives handys under the table and requires the be salted regularly? Gail the snail
64%
The McPoyle bloodline has been pure for how many years? 1000
41%
The Gang practise their singing skill in hopes to open a show for _____________ Boys2Men
37%
What does Frank want to name the band with Mac & Charlie? The Pecan Sandies
21%
What does Charlie give to the waitress in the Jersey Shore? Broken glass
20%
What does Dennis name his junk yard cat when he becomes a detective/cop Sgt. Jack Bauer
2%
No matching quizzes found
Score Distribution
Percent of People with Each Score
Percentile by Number Answered
Your Score History
You have not taken this quiz